EPIC: The Musical - Songs by Cast - Statistics

General Stats
  • This quiz has been taken 202 times
  • The average score is 34 of 40
Answer Stats
Saga Cast Song % Correct
Circe Jorge Rivera-Herrans, Talya Sindel Done For
91%
Troy Jorge Rivera-Herrans Just a Man
89%
Circe Jorge Rivera-Herrans, Armando Julián, Talya Sindel Puppeteer
88%
Circe Jorge Rivera-Herrans, Talya Sindel There Are Other Ways
88%
Thunder Jorge Rivera-Herrans, Luke Holt, Anna Lea, Armando Julián Thunder Bringer
88%
Circe Jorge Rivera-Herrans, Troy Doherty Wouldn't You Like
88%
Troy Jorge Rivera-Herrans, Armando Julián, Steven Dookie Full Speed Ahead
87%
Ocean Jorge Rivera-Herrans, Steven Rodriguez Ruthlessness
87%
Underworld Jorge Rivera-Herrans, Steven Dookie, Wanda Herrans The Underworld
87%
Underworld Jorge Rivera-Herrans Monster
86%
Cyclops Jorge Rivera-Herrans, Teagan Earley My Goodbye
86%
Underworld Jorge Rivera-Herrans, Mason Olshavsky No Longer You
86%
Troy Jorge Rivera-Herrans, Teagan Earley Warrior of the Mind
86%
Vengeance Jorge Rivera-Herrans Charybdis
85%
Vengeance Jorge Rivera-Herrans, Steven Rodriguez, Steven Dookie, Armando Julián, Wanda Herrans Get in the Water
85%
Wisdom Jorge Rivera-Herrans, Teagan Earley, Luke Holt, Brandon McInnis, Mike Rivera, Janani K. Jha God Games
85%
Wisdom Jorge Rivera-Herrans, Ayron Alexander, Teagan Earley, Miguel Veloso Little Wolf
85%
Troy Jorge Rivera-Herrans, Steven Dookie Open Arms
85%
Cyclops Jorge Rivera-Herrans, Armando Julián, Steven Dookie Polyphemus
85%
Troy Jorge Rivera-Herrans, Luke Holt The Horse and the Infant
85%
Ithaca Jorge Rivera-Herrans, Anna Lea Would You Fall in Love With Me Again
85%
Ithaca Jorge Rivera-Herrans, Miguel Veloso, Teagan Earley I Can't Help But Wonder
84%
Ocean Jorge Rivera-Herrans, Kira Stone, Anna Lea, Miguel Veloso, Armando Julián, Steven Rodriguez Keep Your Friends Close
84%
Ocean Jorge Rivera-Herrans, Armando Julián Luck Runs Out
84%
Vengeance Jorge Rivera-Herrans, Steven Rodriguez Six Hundred Strike
84%
Ocean Jorge Rivera-Herrans, Armando Julián Storm
84%
Thunder Jorge Rivera-Herrans, Anna Lea Suffering
84%
Vengeance Jorge Rivera-Herrans, Troy Doherty, Diana Rivera-Herrans Dangerous
83%
Ithaca Jorge Rivera-Herrans, Ayron Alexander Hold Them Down
83%
Wisdom Jorge Rivera-Herrans, Barbara Wangui, Teagan Earley, Kira Stone, Steven Rodriguez, Talya Sindel Love in Paradise
83%
Thunder Jorge Rivera-Herrans, Armando Julián Mutiny
83%
Cyclops Jorge Rivera-Herrans, Steven Dookie Survive
83%
Wisdom Jorge Rivera-Herrans, Miguel Veloso, Ayron Alexander Legendary
82%
Vengeance Jorge Rivera-Herrans, Barbara Wangui Not Sorry For Loving You
82%
Ithaca Jorge Rivera-Herrans, Jamie Wiltshire, Dennis Diaz, Tristan Caldwell, Miguel Veloso Odysseus
82%
Cyclops Jorge Rivera-Herrans, Armando Julián, Teagan Earley Remember Them
82%
Thunder Jorge Rivera-Herrans, KJ Burkhauser, Armando Julián Scylla
82%
Thunder Jorge Rivera-Herrans, Anna Lea Different Beast
80%
Ithaca Jorge Rivera-Herrans, Anna Lea The Challenge
80%
Wisdom Jorge Rivera-Herrans, Teagan Earley, Miguel Veloso We'll Be Fine
79%
No matching quizzes found
Score Distribution
Percent of People with Each Score
Percentile by Number Answered
Your Score History
You have not taken this quiz